Predná hliadka

Bibliographic Details
Main Author: Marenčin, Albert, 1922-2019 (Author)
Format: Book
Language:Slovak
PhysicalDescription:155, [3] s. V. 8°
Published: Bratislava Dukla 1950
Edition:1. vyd.
Series:Odkaz
Subjects:

MARC

LEADER 00000cam a2200000 a 4500
001 vtls008384443
003 SK-MaSNL
005 20260302074658.0
008 230403s1950 xo 000 f slo
015 |a SNBA19451955-007172 
035 |a SK01SNKBKSFS20020076660 
035 |a urn:nbn:sk:snk-am3i95b 
035 |a 89B8B233-C6A9-4849-8B2C-5AB66786B9A7 
035 |a urn:nbn:sk:snk-am00dy2z 
035 |a SKM000079123 
040 |a SNK  |b slo  |c SNK  |e AACR2 
041 0 |a slo 
044 |a xo  |c SK 
080 |a 885.4-3  |2 1981 
100 1 |a Marenčin, Albert,  |d 1922-2019  |4 aut  |9 90090 
245 1 0 |a Predná hliadka  |c A. Marenčin 
250 |a 1. vyd. 
260 |a Bratislava  |b Dukla  |c 1950  |e Zvolen  |f Pravda 
300 |a 155, [3] s.  |c V. 8° 
366 |e 5500 kusov 
490 1 |a Odkaz  |v sv. 11 
650 0 7 |a druhá svetová vojna (1939-1945)  |2 SNKPH  |9 169657 
650 0 7 |a Slovenské národné povstanie (1944)  |2 SNKPH  |9 177948 
655 7 |a slovenské romány  |2 SNKPH  |9 70324 
830 0 |a Odkaz  |9 323777 
852 |a Slovenská národná knižnica 
954 |a beletria pôvodná (slovenská)  |2 lita 
958 |a EUIPO 
958 |a OND 
958 |a RK 
958 |a TL 
999 |c 1166038  |d 1167968 
952 |a SNK  |b SNK  |y VYP  |7 0  |p 17A0621997  |o snkSD 6585/11 D2  |i snkF 6196/62  |8 5  |0 0  |1 0  |4 0  |d 2009-06-15  |l 0  |r 2026-02-24 20:48:45  |w 2026-02-24 
952 |a SNK  |b SNK  |y PREZ  |7 0  |p 17A0912444  |o snkSD 6585/11  |i snk3487/50  |0 0  |1 0  |4 0  |d 2019-03-26  |f 1  |l 0  |r 2025-11-14 00:00:00  |w 2026-02-24